000
00302nam a2200121 a 4500
008
101208s1952|||| d
245
1
0
_a
Umenie z blízka
100
1
_a
Oktavec, František
020
_c
56
044
_a
xo
_c
SK
041
_a
slo
260
_b
Severoslovenské tlačiarne
_a
Ružomberok
_c
1952
999
_c
14870
_d
14870